PROMO Online

Detalles Bibliográficos
Formato: Electrónico Seriadas
Lenguaje:inglés
Publicado: Danbury : Penton Business Media
Edición:Penton Insight Online Exclusive
Materias:
Acceso en línea:Full text available from Research Library: 01/06/2009 to 03/31/2012

MARC

LEADER 00000nas a2200000 a 4500
001 ssj0000581014
003 WaSeSS
005 20200512172242.0
006 m d
007 cr n
008 060630c200u9999ctu x os 0 a0eng d
035 |a (WaSeSS)ssj0000581014 
040 |a WaSeSS  |c WaSeSS  |d WaSeSS 
050 4 |a HF5837 
245 0 0 |a PROMO Online  |h [electronic resource]. 
246 1 3 |a PROMO 
250 |a Penton Insight Online Exclusive 
260 |a Danbury :  |b  Penton Business Media 
310 |a Irregular 
506 |a License restrictions may limit access. 
588 |a Description based on: Jan. 6, 2009; title from table of contents page (ProQuest, viewed Feb. 15, 2012). 
588 |a Latest issue consulted: Feb. 14, 2012 (ProQuest, viewed Feb. 15, 2012). 
650 0 |a Advertising campaigns   |v Periodicals. 
650 0 |a Advertising  |v Periodicals. 
650 0 |a Market surveys  |v Periodicals. 
655 0 |a Electronic journals. 
787 0 |t PROMO (Danbury, Conn.)  |x 1047-1707  |w (DLC)99110908  |w (OCoLC)19714902 
856 4 0 |z Full text available from Research Library: 01/06/2009 to 03/31/2012  |u https://search.proquest.com/publication/136070